Diccionario ilustrado de la Arquitectura contemporánea / (Record no. 78373)

MARC details
000 -LEADER
campo de control de longitud fija 00686nam a2200193 i 4500
001 - NÚMERO DE CONTROL
campo de control 78373
003 - IDENTIFICADOR DE NÚMERO DE CONTROL
campo de control ES-MaACL
005 - FECHA Y HORA DE LA ÚLTIMA TRANSACCIÓN
campo de control 20230906173657.0
007 - CAMPO FIJO DE DESCRIPCIÓN FÍSICA--INFORMACIÓN GENERAL
campo de control de longitud fija t|
008 - DATOS DE LONGITUD FIJA--INFORMACIÓN GENERAL
campo de control de longitud fija 041014s1964 sp ||||1| spa d
100 1# - ENTRADA PRINCIPAL--NOMBRE DE PERSONA
Nombre de persona Harje, Gerd.
9 (RLIN) 61854
245 10 - MENCIÓN DEL TÍTULO
Título Diccionario ilustrado de la Arquitectura contemporánea /
Mención de responsabilidad, etc. dirigido por Gerd Hatje ; [traducción de José María Mantero, Martín Kraemer, Emilio Casal Bernard].
260 ## - PUBLICACIÓN, DISTRIBUCIÓN, ETC.
Lugar de publicación, distribución, etc. Barcelona :
Nombre del editor, distribuidor, etc. Gustavo Gili,
Fecha de publicación, distribución, etc. [1964]
300 ## - DESCRIPCIÓN FÍSICA
Extensión 305 p. :
Otras características físicas il. ;
Dimensiones 22 cm.
700 1# - ENTRADA AGREGADA--NOMBRE PERSONAL
Nombre de persona Mantero, José María.
9 (RLIN) 76154
700 1# - ENTRADA AGREGADA--NOMBRE PERSONAL
Nombre de persona Kraemer Morata, Martín.
9 (RLIN) 68699
700 1# - ENTRADA AGREGADA--NOMBRE PERSONAL
Nombre de persona Casal Bernald, Emilio.
9 (RLIN) 36053
852 ## - LOCALIZACIÓN
Ubicación ES-MaACL
Número de control de estantería C-25960
Sublocalización o colección R.54983
Holdings
Estatus retirado Estado de pérdida Estado de daño No para préstamo Colección Biblioteca de origen Biblioteca actual Ubicación en estantería Fecha de adquisición Fuente de adquisición Total de préstamos Signatura topográfica completa Código de barras Visto por última vez Precio de reemplazo Tipo de ítem Koha
        Colección de referencia Biblioteca del Ateneo de Madrid Biblioteca del Ateneo de Madrid Depósito 2 17/01/2008     C-25960 1081979 23/02/2023 23/02/2023 Libro impreso